000 00757nam a2200217Ii 4500
003 JO-AjNU
008 230605s9999||||xx |||||||||||||| ||und||
017 _a1996/5/666
040 _aJO-AjNU
_bara
_erda
_cJO-AjNU
041 _aara
050 1 4 _aAG243.2004
100 3 _aالرواجبة،عايدة/اعداد,
_eauthor
_917547
245 0 0 _aعجائب الدنيا السبع .. وعجائب اخرى
250 _aط1
264 3 1 _aعمان:دار الاسراء للنشر والتوزيع،2004
300 _a 80ص
_bصور توضيحية
336 _atext
_btxt
_2rdacontent
337 _aunmediated
_bn
_2rdamedia
338 _avolume
_bnc
_2rdacarrier
650 4 _aالفنون-الهندسة المعمارية-الفن المعماري
_917548
999 _aA5441
_c9009
_d9009